01280nam a2200313 i 450000100060000000300090000600500170001500700030003200800410003502000180007604000220009408000500011608000490016608000360021508000350025108000110028610000540029724500740035126000880042530000220051349000670053560000520060260000420065465000340069683000640073085200330079499900170082795201220084447799ES-MaACL20251001175512.0t|030527s2002 sp ||||0| spa j a84-95265-26-5 aM-BN bspa cM-BN a929 Napoleón (44) III, Emperador de Francia a32 Napoleón (44) III, Emperador de Francia a929 Bismarck, Otto, Fürst von a32 Bismarck, Otto, Fürst von a321.011 aBermúdez de Castro, Salvador,d1817-188392814110aDel gobernante al hombre de estado / cSalvador Bermúdez de Castro. aMadrid : bMinisterio de Asuntos Exteriores, Secretaría General Técnica,c2002. a148 p. ; c25 cm.1 aBiblioteca diplomática española. Sección Estudios ; v2404aNapoleón bIII cEmperador de Francia.98491214aBismarck, Otto, cFürst von929016 7aJefes de Estado2embne91393700aBiblioteca diplomática española. pEstudiosv249179518 aES-MaACLjL-26376 bR.132019 c47799d47799 00104070aATENEOMbATENEOMcDEPO2d2008-01-17eSCl0oL-26376p1050303r2023-02-23 00:00:00w2023-02-23yMONOGRAFIA